000
00315nam a22001337a 4500
008
170816b xxu||||| |||| 00| 0 eng d
020
_a
9780534355098
041
_a
eng
080
_a
51
100
_a
36
101
_a
mat
245
_a
MULTIVARIABLE CALCULUS CONCRPTS AND CONTEXT
_c
STEWART.J
942
_2
udc
_c
BK
999
_c
23722
_d
23722